000 01117nam a2200337 i 4500
003 EG-ScBUE
005 20260511133709.0
008 960213t2004 caua f 001 0 eng d
020 _a9789812542687
020 _a981254268X
040 _aEG-ScBUE
_beng
_erda
_cEG-ScBUE
_dEG-ScBUE
082 0 4 _a512.5
_bJAI
_222
100 1 _aJain, S. K.
_q(Surender Kumar),
_d1938-
_eauthor.
245 1 0 _aLinear algebra :
_ban interactive approach /
_cS. K. Jain, Ohio University, A. D. Gunawardena, Carnegie Mellon University.
264 1 _aBelmont :
_bThompson-Brooks / Cole,
_c[2004]
264 4 _cc2004
300 _axiv, 418 pages :
_billustrations ;
_c24 cm +
_e1 CD
336 _2rdacontent
_atext
_btxt
336 _2rdacontent
_asounds
_bsnd
337 _aunmediated
_2rdamedia
_bn
337 _aaudio
_2rdamedia
_bs
338 _avolume
_bnc
_2rdacarrier
338 _acomputer disc
_bcd
_2rdacarrier
500 _aIncludes index.
650 7 _aAlgebras, Linear.
_2BUEsh
651 _2BUEsh
653 _bENGGEN
_cNovember2017
655 _vReading book
700 1 _aGunawardena, A. D.,
_eauthor.
942 _2ddc
_cBB
999 _c25556
_d25528